| 000 | 00899nac a22002171u 4500 | ||
|---|---|---|---|
| 010 | _a89049014 | ||
| 020 | _a812031011X | ||
| 082 | 0 | 0 |
_a338.83 _bW535 |
| 090 |
_c1138 _d1138 |
||
| 100 | _aWeston, J. Fred | ||
| 245 | 1 | 0 |
_aMergers, restructuring, and corporate control / _cJ. Fred Weston, Kwang S. Chung, Susan E. Hoag. |
| 260 |
_aNew Delhi : _bPrentice Hall of India, _cc1990. |
||
| 300 |
_axxvii, 762 p. : _bill. ; _c25 cm. |
||
| 504 | _aIncludes bibliographical references and indexes. | ||
| 650 | 0 |
_aConsolidation and merger of corporations _zUnited States _xFinance. |
|
| 650 | 0 |
_aConsolidation and merger of corporations _zUnited States _xManagement. |
|
| 700 | 1 |
_aChung, Kwang S., _d1945- |
|
| 700 | 1 | _aHoag, Susan. | |
| 942 |
_cBB _k338.83W535 |
||
| 999 |
_c1138 _d1138 |
||